[Event "4NCL 2021-22"]
[Site "England"]
[Date "2022.02.12"]
[Round "3.23"]
[White "Hobson, Kenneth"]
[Black "Povah, Nigel E"]
[Result "0-1"]
[WhiteElo "2090"]
[BlackElo "2245"]
[Annotator "ChessBase"]
[PlyCount "66"]
[EventDate "2021.11.27"]
[EventType "team-tourn"]
[EventCountry "ENG"]
[SourceTitle "playchess.com"]
[Source "ChessBase"]
[SourceQuality "1"]
[TimeControl "40/6000+30:3000+30"]

1. e4 {[%emt 0:00:03]} c5 {[%emt 0:00:11]} 2. d4 {[%emt 0:00:12]} cxd4 {[%emt 0:00:09]} 3. c3 {[%emt 0:00:04]} dxc3 {[%emt 0:00:11]} 4. Nxc3 {[%emt 0:00:07]} Nc6 {[%emt 0:00:08]} 5. Nf3 {[%emt 0:00:25]} e6 {[%emt 0:00:12]} 6. Bc4 {[%emt 0:00:15]} a6 {[%emt 0:00:17]} 7. O-O {[%emt 0:00:18]} Nge7 {[%emt 0:00:31]} 8. Bg5 {[%emt 0:00:33]} h6 {[%emt 0:00:28]} 9. Bh4 {[%emt 0:00:33]} g5 {[%emt 0:01:42]} 10. Bg3 {[%emt 0:02:30]} Ng6 {[%emt 0:00:31]} 11. Re1 {[%emt 0:13:01]} d6 {[%emt 0:09:05]} 12. e5 {[%emt 0:19:38]} g4 {[%emt 0:17:50]} 13. exd6 {[%emt 0:02:29]} gxf3 {[%emt 0:00:29]} 14. Qd3 {[%emt 0:18:15]} Bg7 {[%emt 0:26:30]} 15. Rad1 {[%emt 0:06:30]} Nge5 {[%emt 0:09:16]} 16. Bxe5 {[%emt 0:01:15]} Nxe5 {[%emt 0:01:53]} 17. Qd4 {[%emt 0:00:51]} Qg5 {[%emt 0:01:25]} 18. g3 {[%emt 0:02:23]} Bd7 {[%emt 0:02:18]} 19. h4 {[%emt 0:02:40]} Qf5 {[%emt 0:05:59]} 20. Bd3 {[%emt 0:01:16]} Nxd3 {[%emt 0:05:28]} 21. Qxg7 {[%emt 0:00:11]} O-O-O {[%emt 0:00:22]} 22. Re3 {[%emt 0:01:12]} Rhg8 {[%emt 0:13:50]} 23. Qd4 {[%emt 0:01:03]} Nf4 {[%emt 0:00:32]} 24. Qa7 {[%emt 0:03:30]} Bc6 {[%emt 0:02:00]} 25. Ne4 {[%emt 0:03:32]} Bxe4 {[%emt 0:03:58]} 26. d7+ {[%emt 0:02:43]} Kc7 {[%emt 0:00:49]} 27. Rc3+ {[%emt 0:04:24]} Bc6 {[%emt 0:00:08]} 28. Rc5 {[%emt 0:04:37]} Rxg3+ {[%emt 0:03:46]} 29. fxg3 {[%emt 0:00:09]} f2+ {[%emt 0:00:13]} 30. Kf1 {[%emt 0:01:47]} Qh3+ {[%emt 0:00:15]} 31. Kxf2 {[%emt 0:00:11]} Qg2+ {[%emt 0:00:05]} 32. Ke3 {[%emt 0:00:09]} Qf3+ {[%emt 0:00:05]} 33. Kd2 {[%emt 0:00:37]} Rxd7+ {[%emt 0:00:06]} 0-1

[Event "4NCL 2021-22"]
[Site "England"]
[Date "2022.02.12"]
[Round "3.24"]
[White "Kalaiyalahan, Akshaya"]
[Black "Zakarian, Dimitrios Levon"]
[Result "1-0"]
[WhiteElo "2208"]
[BlackElo "1962"]
[Annotator "ChessBase"]
[PlyCount "89"]
[EventDate "2021.11.27"]
[EventType "team-tourn"]
[EventCountry "ENG"]
[SourceTitle "playchess.com"]
[Source "ChessBase"]
[SourceQuality "1"]
[TimeControl "40/6000+30:3000+30"]

1. Nf3 {[%emt 0:00:04]} Nf6 {[%emt 0:02:09]} 2. g3 {[%emt 0:00:04]} d5 {[%emt 0:00:10]} 3. Bg2 {[%emt 0:00:09]} c6 {[%emt 0:00:05]} 4. O-O {[%emt 0:00:22]} e6 {[%emt 0:00:12]} 5. d4 {[%emt 0:01:01]} Nbd7 {[%emt 0:00:14]} 6. Nbd2 {[%emt 0:00:46]} Bd6 {[%emt 0:00:32]} 7. c4 {[%emt 0:00:28]} O-O {[%emt 0:00:27]} 8. Qc2 {[%emt 0:00:18]} Qe7 {[%emt 0:00:57]} 9. b3 {[%emt 0:01:47]} b6 {[%emt 0:01:27]} 10. Bb2 {[%emt 0:00:12]} Bb7 {[%emt 0:02:25]} 11. e4 {[%emt 0:03:14]} dxe4 {[%emt 0:10:05]} 12. Nxe4 {[%emt 0:00:11]} Nxe4 {[%emt 0:00:05]} 13. Qxe4 {[%emt 0:00:05]} Nf6 {[%emt 0:00:10]} 14. Qc2 {[%emt 0:03:22]} Ba3 {[%emt 0:03:24]} 15. Rfe1 {[%emt 0:03:26]} Bxb2 {[%emt 0:01:59]} 16. Qxb2 {[%emt 0:00:05]} Rfd8 {[%emt 0:01:44]} 17. Rad1 {[%emt 0:01:57]} Rac8 {[%emt 0:00:59]} 18. Rc1 {[%emt 0:10:58]} Qc7 {[%emt 0:06:37]} 19. c5 {[%emt 0:06:27]} Nd5 {[%emt 0:07:15]} 20. Bf1 {[%emt 0:04:03]} b5 {[%emt 0:06:45]} 21. a3 {[%emt 0:05:03]} a5 {[%emt 0:02:45]} 22. Nd2 {[%emt 0:07:16]} Nf6 {[%emt 0:04:42]} 23. Ne4 {[%emt 0:03:04]} Nxe4 {[%emt 0:00:49]} 24. Rxe4 {[%emt 0:00:05]} Qe7 {[%emt 0:02:27]} 25. Rce1 {[%emt 0:02:56]} Rd7 {[%emt 0:04:29]} 26. Qc3 {[%emt 0:01:56]} Rcd8 {[%emt 0:03:57]} 27. h4 {[%emt 0:06:10]} Rd5 {[%emt 0:04:00]} 28. Bh3 {[%emt 0:02:42]} Qc7 {[%emt 0:06:41]} 29. Rf4 {[%emt 0:14:48]} Re8 {[%emt 0:12:55]} 30. Bg2 {[%emt 0:02:00]} Rdd8 {[%emt 0:00:24]} 31. Rg4 {[%emt 0:01:29]} Qc8 {[%emt 0:10:45]} 32. Bh3 {[%emt 0:07:30]} Rd5 {[%emt 0:01:02]} 33. Qxa5 {[%emt 0:02:09]} Red8 {[%emt 0:05:34]} 34. Qc3 {[%emt 0:01:39]} Qd7 {[%emt 0:00:28]} 35. Rd1 {[%emt 0:03:09]} Qe7 {[%emt 0:00:26]} 36. Bg2 {[%emt 0:03:10]} Rxc5 {[%emt 0:01:55]} 37. Rxg7+ {[%emt 0:00:17]} Kxg7 {[%emt 0:00:57]} 38. dxc5+ {[%emt 0:00:04]} Kg8 {[%emt 0:00:14]} 39. Re1 {[%emt 0:00:32]} Ra8 {[%emt 0:02:59]} 40. b4 {[%emt 0:02:38]} f5 {[%emt 0:00:33]} 41. Qb3 {[%emt 0:50:59]} Re8 {[%emt 0:51:25]} 42. Rd1 {[%emt 0:02:51]} Kf7 {[%emt 0:01:06]} 43. Rd6 {[%emt 0:01:42]} Rd8 {[%emt 0:00:13]} 44. Bxc6 {[%emt 0:05:00]} Bxc6 {[%emt 0:00:00]} 45. Rxc6 {[%emt 0:00:00]} 1-0

[Event "4NCL 2021-22"]
[Site "England"]
[Date "2022.02.12"]
[Round "3.25"]
[White "Derakhshani, Borna"]
[Black "Jackson, James P"]
[Result "1-0"]
[WhiteElo "2371"]
[BlackElo "2407"]
[Annotator "TA"]
[PlyCount "97"]
[EventDate "2021.11.27"]
[EventType "team-tourn"]
[EventCountry "ENG"]
[SourceTitle "playchess.com"]
[Source "ChessBase"]
[SourceQuality "1"]

{[%evp 15,97,-6,0,-6,2,-7,0,0,6,0,0,-26,-39,-19,5,0,0,0,0,0,0,0,0,-22,47,27,22,-12,71,83,84,26,38,-2,-3,-56,-57,-38,0,0,27,26,27,24,25,19,58,0,160,160,393,393,389,386,383,379,375,331,331,324,324,316,316,305,316,308,314,316,316,301,310,299,284,258,294,283,325,308,304,265,333,316,470,448]} 1. Nf3 Nf6 2. b3 d6 3. Bb2 e5 4. d3 g6 5. g3 Bg7 6. Bg2 O-O 7. O-O c6 8. c4 Re8 {now scores much better than the old 8...Nbd7.} 9. Nc3 {A15: English Opening: 1...Nf6.} a5 10. a3 Na6 11. b4 {[%cal Bb3b4,Bb4b5][%mdl 32] [#] The position is equal.} Bd7 $146 ({Predecessor:} 11... d5 12. cxd5 cxd5 13. Nd2 axb4 14. axb4 Be6 15. b5 Nc5 16. Rxa8 Qxa8 17. Qa1 Qb8 {½-½ (64) Nihal,S (2650)-Rapport,R (2763) Chess.com INT 2021}) 12. b5 Nc5 13. d4 exd4 14. Nxd4 Qc7 15. e3 a4 16. Rb1 h5 17. Ba1 Ng4 18. Rb4 $1 {[%cal Rc3a4]} Ne5 19. Nxa4 {[%cal Oa4b6]} Ned3 (19... Ncd3 $11 20. Rb1 {[#]} Nxc4 $1) 20. Nxc5 dxc5 21. Rb3 (21. bxc6 $5 bxc6 22. Qxd3 $14) 21... Ne5 {[#]} (21... cxd4 $11 22. Qxd3 dxe3 23. fxe3 Bxa1 24. Rxa1 Bf5) 22. bxc6 $1 $16 bxc6 23. Ne2 (23. Nf3 $16) 23... Be6 24. Qc1 Ra4 $36 {[%mdl 2048] Black is more active.} ({Don't play} 24... Nxc4 25. Bxg7 Kxg7 26. Rc3 $18 (26. Nf4 Na5 $14)) 25. Nc3 ({Better is} 25. Qc2 $11) 25... Rxc4 $15 26. Qb1 Qc8 (26... Bf5 $5 {[%cal Rf5b1]} 27. e4 Bc8 $11) 27. Ne4 {Strongly threatening Nd6.} Rxe4 28. Bxe4 {[%cal Bg2e4,Be4d3,Bd3g6][%mdl 32] And now Rb6 would win.} Bxb3 29. Qxb3 {With the idea Bxe5.} c4 30. Qc2 Qa6 31. Rc1 (31. Rd1 $14) 31... Nd3 $2 {White now steadily converts the win.} (31... Qxa3 $11 32. Rb1 Qa6) 32. Qxc4 $16 Qxa3 (32... Qxc4 $16 {was called for.} 33. Rxc4 Ne5 34. Bxe5 Rxe5 35. Bxc6 Bf8) 33. Bxd3 $18 Bxa1 34. Bxg6 $1 Re6 35. Bxh5 Bb2 36. Rd1 ({But not} 36. Qf4 Bf6 $18) 36... Qe7 {Prevents Rd8+.} 37. Qa2 Bf6 38. Qa6 Kg7 39. Qc8 {Black must now prevent Rd7.} Rd6 {Inhibits Rd7.} 40. Qg4+ Kf8 41. Rb1 Rd5 42. Qc8+ Qd8 43. Qxd8+ Rxd8 {[%mdl 4096] Endgame KRB-KRB} 44. Rb7 Be7 45. Rc7 c5 46. h4 {[%cal Bh2h4,Bh4h5][%mdl 32]} Rd2 47. Bf3 Ke8 48. h5 {Hoping for h6.} Bd6 (48... Rd6 $142 49. Kg2 Kf8 50. Rxc5 Kg7) 49. Rc8+ {Weighted Error Value: White=0.14 (very precise) /Black=0.35} 1-0

[Event "4NCL 2021-22"]
[Site "England"]
[Date "2022.02.12"]
[Round "3.26"]
[White "Franklin, Samuel G A"]
[Black "Willow, Jonah B"]
[Result "1/2-1/2"]
[WhiteElo "2335"]
[BlackElo "2365"]
[Annotator "ChessBase"]
[PlyCount "78"]
[EventDate "2021.11.27"]
[EventType "team-tourn"]
[EventCountry "ENG"]
[SourceTitle "playchess.com"]
[Source "ChessBase"]
[SourceQuality "1"]
[TimeControl "40/6000+30:3000+30"]

1. c4 {[%emt 0:00:25]} Nf6 {[%emt 0:00:47]} 2. Nc3 {[%emt 0:01:24]} e6 {[%emt 0:00:33]} 3. e4 {[%emt 0:01:36]} d5 {[%emt 0:00:34]} 4. e5 {[%emt 0:01:08]} d4 {[%emt 0:00:13]} 5. exf6 {[%emt 0:00:25]} dxc3 {[%emt 0:00:04]} 6. bxc3 {[%emt 0:00:17]} Qxf6 {[%emt 0:00:04]} 7. d4 {[%emt 0:00:35]} b6 {[%emt 0:00:07]} 8. Be2 {[%emt 0:02:06]} Bb7 {[%emt 0:01:14]} 9. Bf3 {[%emt 0:00:33]} Bxf3 {[%emt 0:00:09]} 10. Nxf3 {[%emt 0:00:13]} Bd6 {[%emt 0:00:45]} 11. Qa4+ {[%emt 0:05:56]} c6 {[%emt 0:00:20]} 12. O-O {[%emt 0:00:42]} O-O {[%emt 0:01:01]} 13. Rb1 {[%emt 0:06:52]} Bc7 {[%emt 0:00:19]} 14. Re1 {[%emt 0:16:27]} Rc8 {[%emt 0:06:23]} 15. Qc2 {[%emt 0:15:11]} Nd7 {[%emt 0:04:01]} 16. a4 {[%emt 0:02:48]} Bd6 {[%emt 0:19:31]} 17. Bg5 {[%emt 0:08:03]} Qg6 {[%emt 0:01:23]} 18. Qxg6 {[%emt 0:00:16]} hxg6 {[%emt 0:00:06]} 19. g3 {[%emt 0:02:21]} Rab8 {[%emt 0:24:17]} 20. Kg2 {[%emt 0:05:17]} Re8 {[%emt 0:29:20]} 21. h4 {[%emt 0:12:13]} f6 {[%emt 0:03:40]} 22. Be3 {[%emt 0:02:14]} Kf7 {[%emt 0:01:39]} 23. Nd2 {[%emt 0:01:19]} Bc7 {[%emt 0:02:48]} 24. Nb3 {[%emt 0:06:13]} Rh8 {[%emt 0:02:20]} 25. f3 {[%emt 0:05:11]} Rh5 {[%emt 0:00:39]} 26. Bf2 {[%emt 0:00:38]} g5 {[%emt 0:03:12]} 27. g4 {[%emt 0:02:22]} Rhh8 {[%emt 0:00:30]} 28. Rh1 {[%emt 0:01:46]} gxh4 {[%emt 0:00:55]} 29. Rxh4 {[%emt 0:02:00]} g5 {[%emt 0:01:05]} 30. Rhh1 {[%emt 0:00:36]} Rbg8 {[%emt 0:01:28]} 31. Rbd1 {[%emt 0:01:19]} Nf8 {[%emt 0:01:15]} 32. Nc1 {[%emt 0:00:55]} Ng6 {[%emt 0:00:17]} 33. Nd3 {[%emt 0:00:18]} Rd8 {[%emt 0:00:15]} 34. Rxh8 {[%emt 0:01:57]} Rxh8 {[%emt 0:00:05]} 35. Bg3 {[%emt 0:00:09]} Bxg3 {[%emt 0:02:23]} 36. Kxg3 {[%emt 0:00:05]} Rd8 {[%emt 0:00:13]} 37. f4 {[%emt 0:01:55]} gxf4+ {[%emt 0:02:45]} 38. Nxf4 {[%emt 0:00:05]} Nxf4 {[%emt 0:00:30]} 39. Kxf4 {[%emt 0:00:02]} Rh8 {[%emt 0:00:14]} 1/2-1/2

[Event "4NCL 2021-22"]
[Site "England"]
[Date "2022.02.12"]
[Round "3.27"]
[White "Toma, Katarzyna"]
[Black "Taylor, Martin R"]
[Result "1/2-1/2"]
[WhiteElo "2420"]
[BlackElo "2343"]
[Annotator "TA"]
[PlyCount "80"]
[EventDate "2021.11.27"]
[EventType "team-tourn"]
[EventCountry "ENG"]
[SourceTitle "playchess.com"]
[Source "ChessBase"]
[SourceQuality "1"]

{[%evp 15,80,18,27,-8,26,37,34,27,22,6,12,-8,0,-56,-17,-40,-21,-18,0,5,6,0,95,31,84,75,106,0,127,118,130,123,109,0,0,0,48,-18,19,14,20,-55,-52,-56,-62,-60,75,-23,0,0,0,0,0,0,0,-8,-8,-8,-8,-8,-8,-8,0,0,0,-8,0]} 1. e4 {[%cal Be2e4,Be4e5][%mdl 32]} Nf6 2. e5 Nd5 3. d4 d6 4. c4 Nb6 5. exd6 cxd6 6. Nc3 g6 7. Be3 Bg7 8. Rc1 O-O 9. Be2 {B03: Alekhine's Defence: Four Pawns Attack.} e5 (9... d5 {is interesting.} 10. c5 Nc4 11. Bxc4 dxc4 12. Nf3 Bf5) 10. dxe5 dxe5 11. Qxd8 {White is slightly better.} (11. c5 {keeps more tension.} N6d7 12. Nf3 Nc6 13. O-O Nf6 14. Nb5) 11... Rxd8 12. c5 N6d7 {[#]} (12... Nd5 $2 13. Rd1 $18) 13. Bc4 $146 ({Predecessor:} 13. Nb5 Nc6 14. Bc4 Nf8 15. Nd6 Ne6 16. Ne2 Bf8 17. Nxc8 Raxc8 18. Bxe6 fxe6 19. Ng3 {1-0 (36) Rahman,S (2297)-Pon,N (2156) Nagpur 2008}) 13... Nc6 14. a3 (14. Nf3 $11) 14... b6 (14... e4 $5 15. Rd1 Nde5 16. Rxd8+ Nxd8 $15) 15. b4 bxc5 16. bxc5 Bb7 {White must now prevent ...Na5.} 17. Nf3 $1 Nd4 18. Ng5 Bxg2 {[#]} (18... Nxc5 $11 19. Nxf7 Nd3+ 20. Kd2 (20. Kf1 Rac8 $15) 20... Ba6 21. Bxa6 Nxc1 22. Nxd8 Ncb3+ 23. Kd1 Rxd8) 19. Bxf7+ (19. Rg1 $1 $16 {[%cal Rg1g2]} Bb7 20. Nxf7) 19... Kf8 ({Black should try} 19... Kh8 $14 20. Ba2 Rf8) 20. Rg1 $16 Bc6 {Strongly threatening ...h6.} 21. Bc4 (21. Bd5 $16 Bxd5 22. Nxd5) 21... Nf6 (21... Bh6 $11 {remains equal.}) 22. Bxd4 exd4 23. Ne6+ {Pair of Knights!} Ke7 24. Nxg7 (24. Nxd8 $16 Rxd8 25. Nb5) 24... dxc3 $11 25. Ne6 Rdc8 (25... Re8 $11 26. Rxc3 Rab8) 26. Nd4 ({Don't play} 26. Rxc3 Rab8 27. f3 Rb1+ 28. Kf2 Rxg1 29. Kxg1 Bd5 $11) (26. Rg5 $1 $14) 26... Be4 27. Rg5 {aiming for Re5+.} Nd7 {Prevents Re5+.} (27... Rd8 $2 28. Re5+ Kd7 29. Re6 $18) 28. f3 {[#]} ({White should play} 28. c6 $11 Bxc6 29. Rxc3) 28... Kf6 $1 $15 29. h4 {[#]} (29. Rg4 Bf5) 29... h6 $1 30. Rg2 Bf5 {[#]} (30... Rxc5 $15 {stays ahead.} 31. Rxc3 Rac8) 31. Bd5 {White is more active.} (31. Rxc3 Rxc5 32. Nxf5 gxf5 $17) (31. c6 $1 $16) 31... Nxc5 (31... Rab8 $5 {[%cal Rd7c5]} 32. Nxf5 (32. Rxc3 Rxc5 33. Rxc5 Nxc5 $15) 32... gxf5 33. Rxc3 Rxc5 34. Rxc5 Rb1+ 35. Kf2 Nxc5 $11) 32. Rxc3 {Really sharp! The position is equal.} Nd3+ 33. Rxd3 $1 Bxd3 34. Bxa8 Rxa8 $11 {[%mdl 4096] Endgame KRB-KRN} 35. Kd2 Bc4 36. Ke3 Re8+ 37. Kf4 Rd8 38. Ke3 Re8+ 39. Kf4 Rd8 40. Ke3 Re8+ {Weighted Error Value: White=0.29 (precise) /Black=0.34} 1/2-1/2

[Event "4NCL 2021-22"]
[Site "England"]
[Date "2022.02.12"]
[Round "3.28"]
[White "Griffiths, Ryan Rhys"]
[Black "O'Donnell, Conor"]
[Result "0-1"]
[WhiteElo "2352"]
[BlackElo "2281"]
[Annotator "TA"]
[PlyCount "199"]
[EventDate "2021.11.27"]
[EventType "team-tourn"]
[EventCountry "ENG"]
[SourceTitle "playchess.com"]
[Source "ChessBase"]
[SourceQuality "1"]

{[%evp 9,199,17,10,6,4,-47,-40,-44,-43,-52,29,-10,-29,-100,-99,-138,-140,-196,-202,-392,-147,-171,-162,-211,-108,-173,-173,-193,-200,-200,-196,-197,-192,-195,-130,-130,-130,-130,-130,-131,-47,-32,-56,-68,-31,-204,-29,-204,-204,-204,-204,-204,-204,-230,-230,-230,-230,-230,-230,-230,-230,-230,-230,-230,-230,-230,-230,-256,-230,-256,-256,-256,-256,-484,-447,-510,-471,-476,-414,-520,-504,-593,-524,-571,-546,-639,-508,-510,-500,-500,-500,-500,-500,-623,-569,-568,-512,-554,-533,-601,-645,-620,0,-795,-680,-665,-609,-607,-600,-594,-577,-569,-517,-603,-516,-691,-679,-645,-659,-651,-625,-575,-393,-393,-393,-435,-393,-400,-393,-435,-393,-435,-393,-435,-393,-393,-393,-435,-435,-435,-416,-416,-416,-435,-435,-496,-435,-496,-435,-541,-533,-549,-537,-441,-333,-333,-333,-333,-235,-608,-615,-613,-588,-514,-602,-609,-600,-579,-454,-567,-487,-597,-543,-594,-545,-531,0,-451,-450,-414,-402,-1466,-1456,-1306,-1225,-2367,-1937,-2933,-2696,-29981,-29980,-2531]} 1. c4 e5 {[%cal Be7e5,Be5e4][%mdl 32]} 2. g3 c6 3. d4 e4 4. Nc3 d5 5. Nh3 Bb4 6. Qb3 {A20: English Opening: 1...e5.} a5 {[#]} 7. a3 $146 {[#]} (7. cxd5 $11 cxd5 8. a3 Bxc3+ 9. Qxc3) ({Predecessor:} 7. cxd5 cxd5 8. a3 Bxc3+ 9. bxc3 a4 10. Qb5+ Nc6 11. Bd2 Nf6 12. Bg2 Bd7 13. Qb1 {0-1 (29) Klekowski,M (2478)-Navara,D (2728) Germany 2015}) 7... dxc4 $1 $15 8. Qc2 {Black is slightly better.} (8. Qxc4 Be6) 8... Bxc3+ 9. bxc3 Bf5 (9... Nf6 $15) 10. f3 {[%mdl 1024] White has compensation.} (10. g4 $5 Bg6 11. e3 $14) 10... Nf6 11. Bg5 (11. Nf2 $1 $11 {remains equal.}) 11... Nbd7 $1 $17 12. Nf2 {[%cal Rf3e4]} Qe7 13. e3 (13. fxe4 $17 {was the only defense.} Bxe4 14. Bxf6 Nxf6 15. Nxe4 Qxe4 16. Qxe4+ Nxe4 17. e3) 13... Qe6 $1 $19 14. Bxf6 $2 ({Much worse is} 14. g4 Bg6 15. f4 Nxg4 16. Nxg4 Qxg4) (14. Qa2 b5 15. Bxf6 (15. g4 $2 Bg6 $19) 15... Nxf6 16. Qe2) 14... Nxf6 $2 (14... exf3 $19 {and Black stays clearly on top.} 15. e4 Nxf6 16. Bxc4 Qxc4 17. exf5 O-O-O) 15. f4 h5 {[%cal Bh7h5,Bh5h4][%mdl 32]} 16. h3 (16. Qb2 $142) 16... O-O (16... b5 $19 17. Bg2 a4) 17. Be2 (17. g4 $17 hxg4 18. hxg4 Nxg4 19. Nxg4 Bxg4 20. Qh2) 17... b5 18. Qd1 Nd5 {[%csl LRc3,LRe3]} 19. Qc1 h4 20. g4 Bh7 21. O-O g5 (21... a4 $19 22. Kh1 f6) 22. f5 $17 Qe7 23. Re1 Rfe8 24. Bf1 Qd6 {Black is much more active. White has bad knights.} (24... a4 $1 $17 {Hoping for ...Nf6.} 25. Bg2 Nf6) 25. Bg2 $15 Nf6 $36 {[%mdl 2048] Black fights for an advantage.} 26. Qc2 {[%cal Rg2e4]} Qd5 27. Rab1 $2 {[#] White is on the road to losing.} (27. a4 $1 $15) 27... Ra7 $2 ({Better is} 27... a4 $1 $19 28. Rb2 Kg7) 28. Rb2 $2 {[#]} (28. a4 $1 $11) 28... a4 $1 $19 29. Rbb1 Kg7 30. Rb2 Rae7 31. Rbb1 Nd7 {[%cal Bf6d7,Bd7b6,Bb6c8,Bc8d6,Bd6b7,Bb7a5,Ba5b3][%mdl 32]} 32. Rb2 Nb6 33. Rbb1 Nc8 34. Qb2 f6 35. Qb4 Bg8 36. Rbd1 Qd8 37. Rd2 Nd6 38. Red1 Bd5 39. Rb1 Nb7 40. Rbd1 Na5 41. Rb2 (41. Qb2 {might work better.}) 41... Nb3 42. Rbb1 Rd7 43. Rb2 Ree7 44. Rbb1 Qb8 {And now ...Qg3 would win.} 45. Nh1 {Inhibits Qg3.} Re8 46. Rb2 Red8 47. Rbb1 Rc8 48. Rb2 Re8 49. Rbb1 Bf7 {[%cal Oc6c5]} 50. Re1 Nd2 51. Rbd1 Nf3+ 52. Kf2 Nxe1 53. Rxe1 Qh2 54. Re2 Rd5 55. Qb1 Rd7 $2 ({Black should try} 55... c5 $19 56. Qg1 Qb8) 56. Rb2 $2 {[%mdl 8192]} (56. Qb4 $11 Rd5 57. Qb1) 56... Qd6 57. Qa1 Bd5 58. Kg1 Rb7 59. Nf2 c5 60. Rd2 Rbe7 61. Qd1 Bc6 62. dxc5 Qxc5 63. Rd6 Bb7 64. Qd4 Qxd4 65. Rxd4 Bc6 66. Kf1 Re5 {Threatens to win with ...Rd5.} 67. Ke2 Bd5 68. Kd2 R8e7 69. Kc2 Kf7 70. Nd1 Ke8 71. Nf2 Kf8 72. Rd2 Kf7 73. Rd4 Bb7 74. Bf1 Kf8 75. Rd8+ Kg7 76. Rd4 Rd5 77. Nd1 Kf8 {[%cal Ob5b4]} 78. Bg2 Ke8 {[%cal Ob5b4]} 79. Nf2 Rxd4 80. cxd4 {[%mdl 4096] Endgame KRB-KBN} Kd7 {Strongly threatening ...Bd5.} 81. Nd1 Kc7 {White must now prevent ...Bd5.} 82. Nc3 Kb6 83. Na2 c3 84. Kxc3 $2 (84. Nb4) 84... Bd5 85. Nb4 Bc4 86. Kd2 Kc7 87. Kc3 Kd6 88. Na6 Be2 89. Nc5 Kd5 90. Kb4 Bc4 91. Ne6 Kd6 92. Nc5 Kd5 93. Ne6 $1 Rxe6 94. fxe6 Kxe6 95. Bxe4 {KB-KB} (95. Kc5 $142 f5 96. gxf5+ Kxf5 97. Kb4 (97. d5 $2 Ke5 $19)) 95... Bf1 96. Kc5 Ke7 97. d5 Bxh3 {aiming for ...Bf1.} 98. d6+ Kd8 {( -> ...Bf1)} 99. Bd3 {To avoid Bf1} Bg2 100. Kd4 {Weighted Error Value: White=0.48/Black=0.34} 0-1

[Event "4NCL 2021-22"]
[Site "England"]
[Date "2022.02.12"]
[Round "3.29"]
[White "Fitzsimons, David"]
[Black "Cox, John J"]
[Result "0-1"]
[WhiteElo "2369"]
[BlackElo "2319"]
[Annotator "ChessBase"]
[PlyCount "67"]
[EventDate "2021.11.27"]
[EventType "team-tourn"]
[EventCountry "ENG"]
[SourceTitle "playchess.com"]
[Source "ChessBase"]
[SourceQuality "1"]
[TimeControl "40/6000+30:3000+30"]

1. e4 {[%emt 0:00:03]} e5 {[%emt 0:06:32]} 2. Nf3 {[%emt 0:00:14]} Nc6 {[%emt 0:00:05]} 3. Bc4 {[%emt 0:00:13]} Bc5 {[%emt 0:00:05]} 4. c3 {[%emt 0:00:31]} Nf6 {[%emt 0:00:06]} 5. d3 {[%emt 0:00:12]} O-O {[%emt 0:00:10]} 6. O-O {[%emt 0:00:06]} a5 {[%emt 0:00:04]} 7. Re1 {[%emt 0:01:13]} h6 {[%emt 0:03:08]} 8. h3 {[%emt 0:01:41]} Ba7 {[%emt 0:00:23]} 9. Bb3 {[%emt 0:04:25]} d6 {[%emt 0:05:08]} 10. d4 {[%emt 0:02:24]} Re8 {[%emt 0:08:16]} 11. Bc2 {[%emt 0:00:26]} exd4 {[%emt 0:12:07]} 12. cxd4 {[%emt 0:00:32]} Nb4 {[%emt 0:02:23]} 13. Nc3 {[%emt 0:00:53]} Nxc2 {[%emt 0:00:20]} 14. Qxc2 {[%emt 0:00:05]} d5 {[%emt 0:03:04]} 15. e5 {[%emt 0:03:54]} Nh7 {[%emt 0:00:11]} 16. Be3 {[%emt 0:03:58]} Be6 {[%emt 0:01:36]} 17. Rac1 {[%emt 0:05:54]} c6 {[%emt 0:00:53]} 18. Ne2 {[%emt 0:03:34]} Qd7 {[%emt 0:07:21]} 19. Ng3 {[%emt 0:05:16]} Rac8 {[%emt 0:06:36]} 20. Qd2 {[%emt 0:06:25]} Bb6 {[%emt 0:02:59]} 21. Rc3 {[%emt 0:10:00]} a4 {[%emt 0:08:48]} 22. Bxh6 {[%emt 0:19:21]} gxh6 {[%emt 0:08:53]} 23. Qxh6 {[%emt 0:02:47]} Qe7 {[%emt 0:01:23]} 24. Nh5 {[%emt 0:03:23]} Qf8 {[%emt 0:00:22]} 25. Qf4 {[%emt 0:00:19]} Bd8 {[%emt 0:22:53]} 26. Nf6+ {[%emt 0:03:00]} Kh8 {[%emt 0:00:16]} 27. Ree3 {[%emt 0:14:49]} Bxf6 {[%emt 0:01:56]} 28. exf6 {[%emt 0:00:04]} Qg8 {[%emt 0:00:28]} 29. g4 {[%emt 0:06:49]} Qg6 {[%emt 0:01:19]} 30. g5 {[%emt 0:00:18]} Rg8 {[%emt 0:00:44]} 31. h4 {[%emt 0:07:39]} Qxf6 {[%emt 0:00:54]} 32. Qg3 {[%emt 0:00:16]} Qf5 {[%emt 0:00:45]} 33. Ne5 {[%emt 0:01:23]} Nxg5 {[%emt 0:01:20]} 34. Nf3 {[%emt 0:01:31]} 0-1